[Event "HUN-chT2 Toth 1112"]
[Site "Hungary"]
[Date "2012.01.29"]
[Round "5.12"]
[White "Jako, Robert"]
[Black "Adzic, Anna"]
[Result "1-0"]
[WhiteElo "1722"]
[BlackElo "1551"]
[PlyCount "67"]
[EventDate "2011.09.25"]
[EventType "team-tourn"]
[EventRounds "11"]
[EventCountry "HUN"]
[SourceTitle "EXT 2013"]
[Source "ChessBase"]
[SourceDate "2012.11.22"]
[SourceVersion "1"]
[SourceVersionDate "2012.11.22"]
[SourceQuality "1"]
[WhiteTeam "Gyula"]
[BlackTeam "Roszke II"]
[WhiteTeamCountry "HUN"]
[BlackTeamCountry "HUN"]

1. d4 d5 2. g3 e6 3. Bg2 c5 4. c3 Nf6 5. Nf3 Bd6 6. dxc5 Bxc5 7. 0-0 0-0 8. Ne5 Nc6 9. Bf4 Bd6 10. Nxc6 bxc6 11. Bxd6 Qxd6 12. e4 Rd8 13. Nd2 Rb8 14. Qc2 Bb7 15. Rad1 Qc7 16. Rfe1 e5 17. exd5 cxd5 18. Nb3 Rbc8 19. Bh3 Nd7 20. Qf5 g6 21. Qg5 f6 22. Qe3 a6 23. Be6+ Kg7 24. Bxd5 Nb6 25. Bxb7 Qxb7 26. Rxd8 Rxd8 27. Nc5 Qc8 28. b3 Nd5 29. Qd3 Nb6 30. Ne6+ Qxe6 31. Qxd8 Nd7 32. Re4 Nf8 33. c4 Kf7 34. c5 1-0

[Event "HUN-chT2 Toth 1112"]
[Site "Hungary"]
[Date "2011.11.13"]
[Round "3.12"]
[White "Egyed, Judit"]
[Black "Adzic, Anna"]
[Result "1-0"]
[WhiteElo "1646"]
[BlackElo "1551"]
[PlyCount "67"]
[EventDate "2011.09.25"]
[EventType "team-tourn"]
[EventRounds "11"]
[EventCountry "HUN"]
[SourceTitle "EXT 2013"]
[Source "ChessBase"]
[SourceDate "2012.11.22"]
[SourceVersion "1"]
[SourceVersionDate "2012.11.22"]
[SourceQuality "1"]
[WhiteTeam "Karcag"]
[BlackTeam "Roszke II"]
[WhiteTeamCountry "HUN"]
[BlackTeamCountry "HUN"]

1. e4 c5 2. Nf3 e6 3. d4 cxd4 4. Nxd4 a6 5. Nc3 Qc7 6. Be3 b5 7. a3 Bb7 8. Bd3 Nf6 9. Qe2 d6 10. 0-0 Nbd7 11. f3 Be7 12. a4 b4 13. Na2 d5 14. Rae1 Bd6 15. g3 dxe4 16. fxe4 0-0 17. c3 Nxe4 18. cxb4 Ndf6 19. Rc1 Qd7 20. b5 axb5 21. Bxb5 Qe7 22. Bf4 Bc5 23. Be3 Nd5 24. Nf5 Bxe3+ 25. Nxe3 Ndf6 26. Rc2 Rac8 27. Rfc1 Nd6 28. Nb4 Rxc2 29. Rxc2 Be4 30. Rc3 Rc8 31. Rxc8+ Nxc8 32. Qc4 Nb6 33. Qd4 Qc7 34. Na6 1-0

[Event "HUN-chT2 Maroczy 0910"]
[Site "Hungary"]
[Date "2010.04.18"]
[Round "10"]
[White "Adzic, Anna"]
[Black "Szasz, Janos"]
[Result "0-1"]
[WhiteElo "1080"]
[BlackElo "1827"]
[PlyCount "66"]
[EventDate "2009.11.08"]
[EventType "team-tourn"]
[EventRounds "11"]
[EventCountry "HUN"]
[SourceTitle "EXT 2011"]
[Source "ChessBase"]
[SourceDate "2010.11.26"]
[SourceVersion "1"]
[SourceVersionDate "2010.11.26"]
[SourceQuality "1"]
[WhiteTeam "Maroczy"]
[BlackTeam "Gyula"]
[WhiteTeamCountry "HUN"]
[BlackTeamCountry "HUN"]

1. e4 c5 2. Nf3 d6 3. d4 cxd4 4. Nxd4 Nc6 5. Nc3 e6 6. g3 a6 7. Bg2 Nf6 8. Nxc6 bxc6 9. e5 Nd5 10. exd6 Bxd6 11. 0-0 Rb8 12. Re1 0-0 13. Ne4 Be7 14. b3 f5 15. Nd2 Bf6 16. Rb1 Nc3 17. Qf3 Nxb1 18. Nxb1 c5 19. Ba3 Qc7 20. Qc6 Qxc6 21. Bxc6 Be7 22. Nc3 Kf7 23. Na4 c4 24. Bxe7 Kxe7 25. Bd5 cxb3 26. cxb3 Kf6 27. Bc4 Rd8 28. Nc5 Rb6 29. Re2 Rc6 30. Na4 Bb7 31. h3 Rd1+ 32. Kh2 Rxc4 33. g4 Rcc1 0-1